000 01966nam a2200229Ia 4500
003 Ost
005 20260507075322.0
008 260507s9999||||xx |||||||||||||| ||und||
020 _a71757199579
040 _cfsecg
041 _aara
082 _a330.121
100 _aالعبيدي، سعيد علي محمد
_eمؤلف
245 0 _aالاقتصادي الاسلامي /
_c سعيد علي محمد العبيدي
260 _aعمان:
_bدار دجلة ناشرون وموزعون,
_c2011
300 _a336 صفحة؛
_c25 سم
504 _aببليوغرافيا: ص.325-336
520 _aالتعريف بالاقتصاد و الاقتصاد الاسلامي، الملكية في الاقتصاد الاسلامي، محددات و عناصر الانتاج في الاقتصاد الاسلامي و دور الدولة في عملية الانتاج، التوزيع القاعدي، التوزيع الوظيفي، التوزيع الشخصي في الاقتصاد ودور الدولة في مرحلة التوزيع، القواعد العامة للتبادل في الاقتصاد الاسلامي و دور الدولة في عملية التبادل، الاستهلاك في الاقتصاد الاسلامي، الحاجات و أنواعها ، ضوابط الاستهلاك، سلوك المستهلك المسلم ، علاقة الاستهلاك بعملية التنمية الاقتصادية و دور الدولة في الاستهلاك ، النظام المالي في الاسلام، بيت المال، النفقات العامة، الموازنة العامة، النظام النقدي في الاقتصاد الاسلامي، نقدية الاقتصاد الاسلامي، الصيرفة الاسلامية، المصارف الاسلامية و السياسة النقدية في الاقتصاد الاسلامي
653 _aالاقتصاد
653 _aالاقتصاد الاسلامي
942 _cكتاب
999 _c43938
_d43938